000 01579nam a2200409 i 4500
001 DIGLMOND0201
003 NyNyDIG
007 cr |||||||||||
008 240513s2020 cl ob 000 0 spa d
006 m o d
035 _a(OCoLC)1435566790
040 _aDGITA
_beng
_erda
_epn
_cDGITA
020 _a9789563401622
020 _z9789568454968
_qUniversidad Autónoma de Chile
050 1 4 _aLC191 ebook
245 0 0 _aIntervención social y educativa en tiempos de pandemia /
_cSonia Brito Rodríguez [and 4 others], editorxs.
264 1 _a[Santiago, Chile] :
_bEditorial Aún Creemos en los Sueños :
_bUniversidad Autónoma de Chile,
_c[2020]
300 _a1 online resource.
336 _atext
_btxt
_2rdacontent
337 _acomputer
_bc
_2rdamedia
338 _aonline resource
_bcr
_2rdacarrier
347 _atext file
_2rdaft
347 _bPDF
490 1 _aUna publicación de Le Monde diplomatique
504 _aIncludes bibliographical references.
588 0 _aOnline resource; title from PDF title page (Digitalia, viewed May 13, 2024)
650 0 _aEducational sociology.
650 0 _aEducation research
_zChile.
650 0 _aCOVID-19 Pandemic, 2020-
_xSocial aspects.
700 1 _aBrito Rodríguez, Sonia,
_eeditor.
791 2 _aDigitalia (Firm),
_edistributor.
793 0 _gDigitalia eBook Collection:
_aLe Monde Diplomatique
830 0 _aMonde diplomatique (Series) (Santiago, Chile)
856 4 0 _3Digitalia Hispánica
_uhttps://www.digitaliapublishing.com/a/144367/
910 _aPremium collection: 2024
942 _cRAA
999 _c285632
_d285632